000 00880nam0a22002531 4500
001 rc\452643
005 20250621091634.0
010 _a5-520-00372-6
_9500
035 _a(NLR Aleph) 005697527
090 _a7242225
_c7242225
100 _a20030616d1988 |||y0rusy50 ca
101 0 _arus
102 _aRU
105 _ay |||||||||
200 1 _aНекоторые вопросы теории и типологии бакских именных композиторов
_fАН ГССР, О-во бакского яз. и культуры
210 _aТбилиси
_cМецниереба
_d1988
215 _a94 с.
_d21
320 _aБиблиогр.: с. 86-92 (108 назв.)
700 1 _aШаламберидзе
_bГ.О.
_gГеоргий Отарович
801 0 _aRU
_bNLR
_gpsbo
801 1 _aRU
_bELAR
_2rusmarc
852 _aNLR
_j88-4/24901
942 _cBOOK
980 _aNB